00821nam a2200277 u 4500001000400000003001000004005001700014008004100031020001500072035000800087035002100095040001300116041000800129082000800137100002900145245002500174250001100199260004400210300001800254500014300272650002300415650002300438650002500461650003100486700002600517713CO-MdUADB20260428103428.0950306s1988 spa  a8475094635 a713 a(OCoLC)434584019 ccomduadb aspa 4a30510aSanger, Sirgay4auteaut13aLa madre que trabaja a1. Ed. aBarcelona :bEdiciones Paidós,c1988. a252 páginas aTitulo original : The woman who works : the parent who cares Donación: Programa para la Mujer, Consejería de la Presidencia : Oct/94 . aIdentidad femenina aMujeres (Género) 7aMadres e hijos2lemb 7aMujeres trabajadoras2lemb10aKelly, John4auteaut